000 00431nam a2200181Ia 4500
001 14079
005 20260306164848.0
008 260306t2014||||xx |||||||||||||| ||spa||
041 _aESP
082 _a006.32
_bD57
100 _aDeng, Li
_eAUT
245 0 _aDeep learning:
_bmethods and applications
260 _c2014
300 _axi, 199 páginas :
_c24 cm.
650 _aGEN
654 _aCCC
942 _cLIB
_dJUS
_fJUS
_2ddc
_n
999 _c14079
_d14079